[Event "EU-ch U16 Girls"]
[Site "Bratislava"]
[Date "2019.08.07"]
[Round "6"]
[White "Aubert, Estee"]
[Black "Mazzini, Katarina"]
[Result "1-0"]
[WhiteElo "1979"]
[BlackElo "1780"]
[PlyCount "87"]
[EventDate "2019.08.02"]
[EventType "swiss"]
[EventRounds "9"]
[EventCountry "SVK"]
[SourceTitle "CBM 191 Extra"]
[Source "ChessBase"]
[SourceDate "2019.09.30"]
[SourceVersion "1"]
[SourceVersionDate "2019.09.30"]
[SourceQuality "1"]

1. Nf3 Nf6 2. g3 g6 3. Bg2 Bg7 4. 0-0 0-0 5. d4 d6 6. c4 Nbd7 7. Nc3 c5 8. e4 cxd4 9. Nxd4 Ne5 10. b3 a6 11. h3 Qc7 12. Qc2 Bd7 13. Be3 Rac8 14. Rac1 Qa5 15. Qd2 Nc6 16. Nxc6 bxc6 17. Nd5 Qxd2 18. Nxe7+ Kh8 19. Bxd2 Rce8 20. e5 Rxe7 21. exf6 Bxf6 22. Rfe1 Rfe8 23. Rxe7 Rxe7 24. Rd1 Be5 25. Ba5 Be8 26. f4 Bg7 27. Rxd6 c5 28. Bf3 Bd4+ 29. Kg2 Re6 30. Rxe6 fxe6 31. Bb6 Bd7 32. Bb7 Kg7 33. Bxa6 Bc6+ 34. Kh2 Kf6 35. b4 Kf5 36. Bxc5 Bxc5 37. bxc5 Ke4 38. Bb5 Bb7 39. c6 Bc8 40. a4 Kd4 41. a5 Kc5 42. g4 h6 43. Kg3 g5 44. h4 1-0

[Event "SLO-chT (Women)"]
[Site "Maribor"]
[Date "2019.05.19"]
[Round "7.2"]
[White "Groselj, Kaja"]
[Black "Mazzini, Katarina"]
[Result "0-1"]
[WhiteElo "1499"]
[BlackElo "1664"]
[PlyCount "78"]
[EventDate "2019.04.04"]
[EventType "team-tourn"]
[EventRounds "7"]
[EventCountry "SLO"]
[SourceTitle "CBM 190 Extra"]
[Source "ChessBase"]
[SourceDate "2019.07.15"]
[SourceVersion "1"]
[SourceVersionDate "2019.07.15"]
[SourceQuality "1"]
[WhiteTeam "Domzale Tajfun (W)"]
[BlackTeam "Komenda (W)"]
[WhiteTeamCountry "SLO"]
[BlackTeamCountry "SLO"]

1. d4 Nf6 2. e3 d5 3. Bd3 e6 4. Nf3 Nbd7 5. b3 c5 6. 0-0 Bd6 7. Bb2 0-0 8. Ne5 b6 9. Nd2 Bb7 10. f4 Ne4 11. Ndf3 cxd4 12. exd4 Ndf6 13. Qe1 a5 14. g4 Nd7 15. h4 f6 16. Nxd7 Qxd7 17. Nd2 f5 18. g5 Qf7 19. a3 Qg6 20. Be2 Rac8 21. h5 Qf7 22. Rc1 Qe7 23. Nxe4 dxe4 24. Qf2 Bxa3 25. Bxa3 Qxa3 26. h6 Qe7 27. hxg7 Qxg7 28. c3 Rc7 29. Qh2 Rxc3 30. Rxc3 Qxd4+ 31. Qf2 Qxc3 32. Bc4 Bd5 33. Bxd5 exd5 34. Qxb6 e3 35. Qe6+ Kh8 36. g6 Rg8 37. Kh1 Rxg6 38. Qxf5 e2 39. Rb1 Qf3+ 0-1

[Event "SLO-chT (Women)"]
[Site "Maribor"]
[Date "2019.04.05"]
[Round "2.3"]
[White "Mihevc Mohr, Narcisa"]
[Black "Mazzini, Katarina"]
[Result "1/2-1/2"]
[WhiteElo "1994"]
[BlackElo "1664"]
[PlyCount "77"]
[EventDate "2019.04.04"]
[EventType "team-tourn"]
[EventRounds "7"]
[EventCountry "SLO"]
[SourceTitle "CBM 190 Extra"]
[Source "ChessBase"]
[SourceDate "2019.07.15"]
[SourceVersion "1"]
[SourceVersionDate "2019.07.15"]
[SourceQuality "1"]
[WhiteTeam "Maribor (W)"]
[BlackTeam "Komenda (W)"]
[WhiteTeamCountry "SLO"]
[BlackTeamCountry "SLO"]

1. Nf3 d5 2. g3 Nf6 3. Bg2 e6 4. 0-0 Be7 5. d3 0-0 6. Nbd2 c5 7. e4 Nc6 8. Re1 Qc7 9. Nh4 dxe4 10. dxe4 Rd8 11. f4 Rb8 12. c3 b5 13. e5 Nd5 14. Qh5 c4 15. Ne4 b4 16. Nf3 bxc3 17. bxc3 f6 18. exf6 Nxf6 19. Nxf6+ Bxf6 20. Ne5 Nxe5 21. fxe5 Be7 22. Be3 g6 23. Qg4 Rd3 24. Bd4 Bc5 25. Kh1 Rb2 26. Rab1 Rdd2 27. Rxb2 Rxb2 28. Rd1 Bf8 29. h4 Qe7 30. Rf1 Rxa2 31. Qf3 Rxg2 32. Qxf8+ Qxf8 33. Rxf8+ Kxf8 34. Kxg2 a5 35. Kf2 Ke8 36. Bc5 Kd7 37. Bb6 a4 38. Bc5 Kc6 39. Bb4 1/2-1/2

[Event "SLO-chT Central 19th"]
[Site "Slovenia"]
[Date "2018.09.27"]
[Round "3.2"]
[White "Krupenko, Peter"]
[Black "Mazzini, Katarina"]
[Result "1/2-1/2"]
[WhiteElo "1764"]
[BlackElo "1664"]
[PlyCount "33"]
[EventDate "2018.09.13"]
[EventType "team-tourn"]
[EventRounds "7"]
[EventCountry "SLO"]
[SourceTitle "EXT 2021"]
[Source "ChessBase"]
[SourceDate "2020.10.23"]
[SourceVersion "1"]
[SourceVersionDate "2020.10.23"]
[SourceQuality "1"]
[WhiteTeam "Trzin Buscotrade II"]
[BlackTeam "Komenda Popotnik"]
[WhiteTeamCountry "SLO"]
[BlackTeamCountry "SLO"]

1. c4 Nf6 2. Nc3 e6 3. Nf3 d5 4. d4 c5 5. e3 Nc6 6. Be2 Be7 7. 0-0 0-0 8. b3 b6 9. Bb2 Bb7 10. Rc1 Re8 11. cxd5 exd5 12. Bd3 Rc8 13. Bf5 Rb8 14. Bd3 Rc8 15. Bf5 Rb8 16. Bd3 Bc8 17. Bf5 1/2-1/2

[Event "SLO-chT (Women)"]
[Site "Murska Sobota"]
[Date "2018.05.20"]
[Round "7"]
[White "Mazzini, Katarina"]
[Black "Kaps, Darja"]
[Result "0-1"]
[WhiteElo "1595"]
[BlackElo "2154"]
[PlyCount "68"]
[EventDate "2018.04.10"]
[EventType "team-tourn"]
[EventRounds "7"]
[EventCountry "SLO"]
[SourceTitle "EXT 2020"]
[Source "ChessBase"]
[SourceDate "2019.10.17"]
[SourceVersion "1"]
[SourceVersionDate "2019.10.17"]
[SourceQuality "1"]
[WhiteTeam "Komenda SK (W)"]
[BlackTeam "Ljubljana SK (W)"]
[WhiteTeamCountry "SLO"]
[BlackTeamCountry "SLO"]

1. e4 c5 2. Nf3 e6 3. Nc3 Nc6 4. Bb5 Nge7 5. 0-0 a6 6. Bxc6 Nxc6 7. d4 cxd4 8. Nxd4 Qc7 9. Re1 Bb4 10. Nxc6 bxc6 11. Qd4 Bf8 12. f4 c5 13. Qf2 Bb7 14. f5 Bd6 15. Qh4 Be5 16. Be3 d6 17. Qh3 Qe7 18. Bf2 0-0 19. Bh4 Bf6 20. Bg3 Bd4+ 21. Kh1 Rfe8 22. e5 dxe5 23. Bxe5 Qg5 24. Bxd4 cxd4 25. Ne4 Bxe4 26. Rxe4 exf5 27. Rxd4 Re2 28. Rd5 g6 29. c4 Rae8 30. Rg1 R8e3 31. g3 Rxb2 32. Ra5 Ree2 33. Rxa6 Qd2 34. Ra8+ Kg7 0-1

[Event "SLO-chT U16 Girls"]
[Site "Murska Sobota"]
[Date "2018.05.13"]
[Round "5"]
[White "Casar, Zala"]
[Black "Mazzini, Katarina"]
[Result "0-1"]
[WhiteElo "1093"]
[BlackElo "1599"]
[PlyCount "80"]
[EventDate "2018.05.11"]
[EventType "team-tourn"]
[EventRounds "5"]
[EventCountry "SLO"]
[SourceTitle "EXT 2020"]
[Source "ChessBase"]
[SourceDate "2019.10.17"]
[SourceVersion "1"]
[SourceVersionDate "2019.10.17"]
[SourceQuality "1"]

1. e4 c5 2. Nf3 Nc6 3. d3 d6 4. Be2 Nf6 5. Nc3 g6 6. h3 Bg7 7. 0-0 0-0 8. Bg5 e6 9. d4 cxd4 10. Nxd4 h6 11. Bxf6 Bxf6 12. Nxc6 bxc6 13. Rb1 d5 14. exd5 cxd5 15. Bf3 Ba6 16. Re1 Qc7 17. Qd2 Rfc8 18. Qxh6 Bxc3 19. bxc3 Qxc3 20. Rec1 Rab8 21. Rb3 Rxb3 22. axb3 d4 23. Rd1 d3 24. cxd3 Qxb3 25. d4 Bb7 26. Ra1 Bxf3 27. gxf3 Qxf3 28. Rxa7 Qd1+ 29. Kg2 Qxd4 30. Re7 Qd5+ 31. f3 Rc2+ 32. Kg3 Qd6+ 33. Qf4 Rg2+ 34. Kxg2 Qxf4 35. Rd7 e5 36. Rd8+ Kg7 37. Rd7 Kf6 38. Ra7 Kg5 39. h4+ Kxh4 40. Kg1 Qe3+ 0-1

[Event "SLO-chT U16 Girls"]
[Site "Murska Sobota"]
[Date "2018.05.12"]
[Round "3"]
[White "Pajek, Tjasa"]
[Black "Mazzini, Katarina"]
[Result "1/2-1/2"]
[WhiteElo "1353"]
[BlackElo "1599"]
[PlyCount "88"]
[EventDate "2018.05.11"]
[EventType "team-tourn"]
[EventRounds "5"]
[EventCountry "SLO"]
[SourceTitle "EXT 2020"]
[Source "ChessBase"]
[SourceDate "2019.10.17"]
[SourceVersion "1"]
[SourceVersionDate "2019.10.17"]
[SourceQuality "1"]

1. e4 c5 2. Nf3 Nc6 3. d4 cxd4 4. Nxd4 Nf6 5. Nc3 e5 6. Nxc6 bxc6 7. a3 Bc5 8. Bc4 0-0 9. 0-0 d6 10. Bg5 Be6 11. Ba2 Rb8 12. Na4 Bxa2 13. Rxa2 Bb6 14. Qd3 Qe7 15. Nxb6 Rxb6 16. f4 exf4 17. Rxf4 Qe5 18. Rf5 Qe6 19. Bxf6 gxf6 20. b3 Re8 21. Rf4 Qe5 22. Qf3 Qd4+ 23. Qf2 Qxf2+ 24. Kxf2 Re6 25. Ra1 Rb5 26. Rd1 Rbe5 27. Kf3 d5 28. Rd4 Kg7 29. g4 Kg6 30. h4 h6 31. c4 dxc4 32. Rxc4 Rd6 33. Ke3 Rb5 34. b4 h5 35. Rc5 Rxc5 36. bxc5 Re6 37. Kd4 Re5 38. gxh5+ Rxh5 39. Kc4 Re5 40. Kd4 Rh5 41. Rg4+ Kh7 42. Rf4 Kg6 43. Rg4+ Kh7 44. Rf4 Kg6 1/2-1/2

[Event "SLO-chT (Women)"]
[Site "Murska Sobota"]
[Date "2018.04.22"]
[Round "3"]
[White "Petauer, Eva"]
[Black "Mazzini, Katarina"]
[Result "1-0"]
[WhiteElo "1928"]
[BlackElo "1595"]
[PlyCount "101"]
[EventDate "2018.04.10"]
[EventType "team-tourn"]
[EventRounds "7"]
[EventCountry "SLO"]
[SourceTitle "EXT 2020"]
[Source "ChessBase"]
[SourceDate "2019.10.17"]
[SourceVersion "1"]
[SourceVersionDate "2019.10.17"]
[SourceQuality "1"]
[WhiteTeam "Celjski (W)"]
[BlackTeam "Komenda SK (W)"]
[WhiteTeamCountry "SLO"]
[BlackTeamCountry "SLO"]

1. e4 c5 2. Nf3 Nc6 3. Bb5 d6 4. 0-0 Bd7 5. c3 Nf6 6. Re1 e5 7. h3 a6 8. Ba4 b5 9. Bc2 Be7 10. d4 Qc7 11. Be3 0-0 12. d5 Na5 13. b3 c4 14. b4 Nb7 15. Nbd2 a5 16. a3 Ne8 17. Nh2 f5 18. exf5 Bxf5 19. Ng4 Qd7 20. Ne4 Nf6 21. Ngxf6+ Bxf6 22. Qb1 Bg6 23. Qc1 Nd8 24. Qd2 Nf7 25. Nxf6+ gxf6 26. f4 a4 27. Rf1 f5 28. fxe5 dxe5 29. Bc5 Rfd8 30. Rad1 e4 31. Qd4 Ra6 32. d6 Nxd6 33. Qf6 Rf8 34. Rxd6 Rxd6 35. Qxd6 Qxd6 36. Bxd6 Rd8 37. Bf4 Bh5 38. Be3 Rd5 39. Bd4 Be2 40. Re1 Bd3 41. Bd1 Kf7 42. g3 Ke6 43. Kf2 Rxd4 44. cxd4 c3 45. Ke3 Kd5 46. Bh5 Ke6 47. Rc1 c2 48. Be8 Kd5 49. Bxb5 Bxb5 50. Rxc2 Bc4 51. b5 1-0

[Event "SLO-ch U16 Girls"]
[Site "Portoroz"]
[Date "2018.02.26"]
[Round "3"]
[White "Mazzini, Katarina"]
[Black "Hercog, Nusa"]
[Result "0-1"]
[WhiteElo "1603"]
[BlackElo "1909"]
[PlyCount "100"]
[EventDate "2018.02.24"]
[EventType "tourn"]
[EventRounds "7"]
[EventCountry "SLO"]
[SourceTitle "EXT 2019"]
[Source "ChessBase"]
[SourceDate "2018.10.10"]
[SourceVersion "1"]
[SourceVersionDate "2018.10.10"]
[SourceQuality "1"]

1. e4 c5 2. Nf3 e6 3. Nc3 Nc6 4. Bb5 Nd4 5. Ba4 a6 6. Nxd4 cxd4 7. Ne2 b5 8. Bb3 Bc5 9. d3 Bb7 10. Ng3 Ne7 11. 0-0 0-0 12. Qh5 Qc7 13. f4 g6 14. Qe2 f5 15. e5 Qc6 16. Kh1 Rac8 17. Bd2 Nd5 18. c3 dxc3 19. bxc3 Ba7 20. c4 Ne3 21. Bxe3 Bxe3 22. cxb5 axb5 23. a4 Bd4 24. Rac1 Qxc1 25. Rxc1 Rxc1+ 26. Nf1 bxa4 27. Bxa4 Ra8 28. Bxd7 Rxf1+ 29. Qxf1 Ra1 30. Bxe6+ Kf8 31. Qxa1 Bxa1 32. h3 Bd4 33. Kh2 Ba6 34. Bc4 Bxc4 35. dxc4 h6 36. g3 Ke7 37. Kg2 Kd7 38. Kf3 Ke6 39. g4 Bc5 40. h4 h5 41. gxh5 gxh5 42. Kg3 Be7 43. Kh3 Kd7 44. Kg3 Kc6 45. Kh3 Kc5 46. Kg3 Kxc4 47. Kh3 Kd5 48. Kg3 Ke4 49. e6 Kd5 50. Kh3 Kxe6 0-1

[Event "SLO-chT Central 18th"]
[Site "Slovenia"]
[Date "2017.10.26"]
[Round "7.2"]
[White "Jelen, Igor"]
[Black "Mazzini, Katarina"]
[Result "1-0"]
[WhiteElo "2379"]
[BlackElo "1615"]
[PlyCount "127"]
[EventDate "2017.09.14"]
[EventType "team-tourn"]
[EventRounds "7"]
[EventCountry "SLO"]
[SourceTitle "EXT 2019"]
[Source "ChessBase"]
[SourceDate "2018.10.10"]
[SourceVersion "1"]
[SourceVersionDate "2018.10.10"]
[SourceQuality "1"]
[WhiteTeam "Ig"]
[BlackTeam "Komenda Pogi"]
[WhiteTeamCountry "SLO"]
[BlackTeamCountry "SLO"]

1. d4 Nf6 2. c4 e5 3. dxe5 Ng4 4. Bf4 Nc6 5. Nf3 Bb4+ 6. Nbd2 Qe7 7. e3 Ngxe5 8. Nxe5 Nxe5 9. Be2 0-0 10. 0-0 d6 11. Nb3 Rd8 12. a3 Bc5 13. Nxc5 dxc5 14. Qc2 Ng6 15. Bg3 c6 16. Rad1 Be6 17. f4 f5 18. e4 Qf7 19. exf5 Bxf5 20. Qc3 Nf8 21. Bf2 Ne6 22. Be3 Qg6 23. b4 Bc2 24. Rxd8+ Rxd8 25. bxc5 Bd3 26. f5 Bxf5 27. Rd1 Rxd1+ 28. Bxd1 Be4 29. Qb2 h5 30. Qf2 h4 31. h3 Qf5 32. Qxh4 Bd3 33. Bf3 Nxc5 34. Qd4 Nb3 35. Qxa7 Bxc4 36. Qxb7 Qe5 37. Bf2 Qa1+ 38. Kh2 Nd2 39. Qc8+ Kh7 40. Qf5+ Kg8 41. Qc8+ Kh7 42. Be4+ Nxe4 43. Qf5+ Kg8 44. Qxe4 Bd5 45. Qe8+ Kh7 46. Qh5+ Kg8 47. Bc5 Qb2 48. Qg4 Qb5 49. Bd4 Qb7 50. a4 Qb8+ 51. Qg3 Qxg3+ 52. Kxg3 Kf7 53. h4 Bc4 54. Kf4 Bd3 55. Ke5 Kg6 56. Kd6 Be4 57. g3 Kh6 58. Kc5 Bd3 59. Kxc6 g6 60. a5 Kh5 61. Kb6 g5 62. hxg5 Kxg5 63. a6 Bxa6 64. Kxa6 1-0

[Event "SLO-ch U14 Girls"]
[Site "Ptuj"]
[Date "2017.03.03"]
[Round "9"]
[White "Mazzini, Katarina"]
[Black "Grobelsek, Lalita"]
[Result "1-0"]
[WhiteElo "1637"]
[BlackElo "1636"]
[PlyCount "76"]
[EventDate "2017.02.25"]
[EventType "swiss"]
[EventRounds "9"]
[EventCountry "SLO"]
[SourceTitle "CBM 177 Extra"]
[Source "ChessBase"]
[SourceDate "2017.04.27"]
[SourceVersion "1"]
[SourceVersionDate "2017.04.27"]
[SourceQuality "1"]

1. e4 e5 2. Nf3 Nc6 3. d4 Nf6 4. d5 Na5 5. Bd2 c5 6. Nc3 Bd6 7. Be2 0-0 8. 0-0 a6 9. a4 c4 10. Bg5 b6 11. Nh4 h6 12. Nf5 Bc5 13. Be3 d6 14. Bxc5 bxc5 15. Ne3 Qb6 16. Bxc4 Qxb2 17. Qd3 Qb6 18. Rfb1 Qc7 19. Ba2 Bd7 20. Nc4 Rfb8 21. h3 Nh5 22. Qf3 Nf4 23. Kh2 g6 24. Bb3 Rb4 25. Nxa5 Qxa5 26. Ne2 Nxe2 27. Qxe2 Bxa4 28. Qd2 Qb5 29. Bxa4 Rd4 30. Qxd4 cxd4 31. Bxb5 Rc8 32. Bd3 Rf8 33. Ra3 f5 34. f3 g5 35. Rxa6 fxe4 36. Bxe4 Kg7 37. Rb7+ Rf7 38. Rxf7+ Kxf7 1-0

[Event "SLO-ch U14 Girls"]
[Site "Ptuj"]
[Date "2017.03.01"]
[Round "7"]
[White "Urbanc, Tina"]
[Black "Mazzini, Katarina"]
[Result "1/2-1/2"]
[WhiteElo "1572"]
[BlackElo "1637"]
[PlyCount "97"]
[EventDate "2017.02.25"]
[EventType "swiss"]
[EventRounds "9"]
[EventCountry "SLO"]
[SourceTitle "CBM 177 Extra"]
[Source "ChessBase"]
[SourceDate "2017.04.27"]
[SourceVersion "1"]
[SourceVersionDate "2017.04.27"]
[SourceQuality "1"]

1. c4 e5 2. Nc3 Bb4 3. g3 Nc6 4. Bg2 d6 5. Nf3 Bxc3 6. bxc3 Nf6 7. d4 0-0 8. 0-0 h6 9. Rb1 Rb8 10. Qc2 Re8 11. d5 Na5 12. Nd2 b6 13. a3 Bd7 14. e4 Nb7 15. Nb3 Ba4 16. Qe2 Bxb3 17. Rxb3 Nc5 18. Rb1 a5 19. f3 a4 20. Be3 Nb3 21. Qd3 Nd7 22. Rf2 Ndc5 23. Bxc5 Nxc5 24. Qe3 Qd7 25. Rfb2 Nb3 26. Bf1 Rf8 27. g4 Qe7 28. Be2 Qh4 29. Bd1 Nc5 30. Rb4 Ra8 31. Bc2 Qf6 32. Kg2 Qe7 33. Qd2 Ra5 34. Qd1 Qd7 35. h3 g6 36. Qe1 Kg7 37. Qg3 g5 38. Qe1 Rh8 39. Qf2 Qe7 40. Rf1 Qf6 41. Qe3 Qg6 42. Qf2 h5 43. Qe3 h4 44. Rfb1 Qf6 45. Kf2 Kg6 46. Ke2 Rb8 47. Kf2 Qe7 48. Qd2 Qd7 49. Kg2 1/2-1/2

[Event "SLO-ch U14 Girls"]
[Site "Ptuj"]
[Date "2017.02.28"]
[Round "5"]
[White "Kuhar, Larisa"]
[Black "Mazzini, Katarina"]
[Result "0-1"]
[WhiteElo "1645"]
[BlackElo "1637"]
[PlyCount "64"]
[EventDate "2017.02.25"]
[EventType "swiss"]
[EventRounds "9"]
[EventCountry "SLO"]
[SourceTitle "CBM 177 Extra"]
[Source "ChessBase"]
[SourceDate "2017.04.27"]
[SourceVersion "1"]
[SourceVersionDate "2017.04.27"]
[SourceQuality "1"]

1. e4 c5 2. Nf3 Nc6 3. d4 cxd4 4. Nxd4 Nf6 5. Nc3 e5 6. Ndb5 d6 7. Bg5 a6 8. Na3 b5 9. Nd5 Be7 10. Bxf6 Bxf6 11. c3 0-0 12. Nc2 Bb7 13. a4 bxa4 14. Rxa4 a5 15. Bc4 Kh8 16. Nce3 Bg5 17. h4 Bxe3 18. Nxe3 Ne7 19. Bd5 Nxd5 20. Nxd5 f5 21. exf5 Rxf5 22. g4 Rf7 23. f3 Ba6 24. c4 Rb8 25. Rh2 Rfb7 26. Qa1 Qf8 27. Rf2 Rb3 28. Nc3 Qf4 29. Nd5 Qg3 30. Nc3 Rxb2 31. Nd1 Rb1 32. Qa2 Qg1+ 0-1

[Event "Nova Gorica op 22nd"]
[Site "Nova Gorica"]
[Date "2017.01.30"]
[Round "6"]
[White "Milicevic, Zoran"]
[Black "Mazzini, Katarina"]
[Result "1/2-1/2"]
[WhiteElo "1592"]
[BlackElo "1656"]
[PlyCount "89"]
[EventDate "2017.01.27"]
[EventType "swiss"]
[EventRounds "9"]
[EventCountry "SLO"]
[SourceTitle "CBM 176 Extra"]
[Source "ChessBase"]
[SourceDate "2017.03.02"]
[SourceVersion "1"]
[SourceVersionDate "2017.03.02"]
[SourceQuality "1"]

1. d4 Nf6 2. Nf3 d5 3. g3 Bf5 4. Bg2 e6 5. Bg5 Be7 6. 0-0 0-0 7. Nbd2 Nbd7 8. Nh4 Bg6 9. Nxg6 hxg6 10. e4 dxe4 11. Nxe4 Nxe4 12. Bxe7 Qxe7 13. Bxe4 c6 14. c3 Rfd8 15. Qb3 Nf6 16. Bf3 Rab8 17. Rad1 Qc7 18. Rfe1 b6 19. c4 b5 20. cxb5 cxb5 21. Re5 a6 22. Rc5 Qe7 23. Qc2 Qf8 24. b4 Nd7 25. Rc6 Qxb4 26. Rxa6 Rdc8 27. Qd2 Qc4 28. Ra3 Nf6 29. Rb3 Nd5 30. Bxd5 Qxd5 31. Rdb1 Rc4 32. Rb4 Rxb4 33. Rxb4 Ra8 34. Rb2 Ra4 35. Rb1 Rxd4 36. Qa5 Rd2 37. a3 Qd4 38. Rf1 Qd3 39. Ra1 Qe2 40. Rf1 Ra2 41. Qd8+ Kh7 42. Qh4+ Qh5 43. Qb4 Qe2 44. Qh4+ Qh5 45. Qb4 1/2-1/2

[Event "Nova Gorica op 22nd"]
[Site "Nova Gorica"]
[Date "2017.01.29"]
[Round "4"]
[White "Mazzini, Katarina"]
[Black "Laco, Igor"]
[Result "1-0"]
[WhiteElo "1656"]
[BlackElo "1516"]
[PlyCount "56"]
[EventDate "2017.01.27"]
[EventType "swiss"]
[EventRounds "9"]
[EventCountry "SLO"]
[SourceTitle "CBM 176 Extra"]
[Source "ChessBase"]
[SourceDate "2017.03.02"]
[SourceVersion "1"]
[SourceVersionDate "2017.03.02"]
[SourceQuality "1"]

1. e4 e5 2. Nf3 Nc6 3. d4 exd4 4. Nxd4 Nf6 5. Nxc6 bxc6 6. Bd3 d5 7. exd5 cxd5 8. 0-0 Be7 9. Nc3 h6 10. Bf4 c6 11. h3 a5 12. Re1 0-0 13. Ne2 Ba6 14. Nd4 Bc5 15. Bxa6 Rxa6 16. c3 Re8 17. Qd3 Rb6 18. b3 Bd6 19. Bxd6 Rxe1+ 20. Rxe1 Qxd6 21. Nf5 Qb8 22. Qd4 Qd8 23. Re3 Rb8 24. Rg3 g6 25. Nxh6+ Kf8 26. Rf3 Kg7 27. Ng4 c5 28. Qxf6+ Qxf6 1-0

[Event "Nova Gorica op 22nd"]
[Site "Nova Gorica"]
[Date "2017.01.28"]
[Round "3"]
[White "Sambo, Pietro"]
[Black "Mazzini, Katarina"]
[Result "1/2-1/2"]
[WhiteElo "1465"]
[BlackElo "1656"]
[PlyCount "47"]
[EventDate "2017.01.27"]
[EventType "swiss"]
[EventRounds "9"]
[EventCountry "SLO"]
[SourceTitle "CBM 176 Extra"]
[Source "ChessBase"]
[SourceDate "2017.03.02"]
[SourceVersion "1"]
[SourceVersionDate "2017.03.02"]
[SourceQuality "1"]

1. e4 c5 2. Nf3 Nc6 3. Nc3 d6 4. d4 cxd4 5. Nxd4 Nf6 6. Be2 e6 7. 0-0 Be7 8. Be3 0-0 9. a4 Bd7 10. Ndb5 Be8 11. f4 a6 12. Nd4 Nxd4 13. Qxd4 Bc6 14. e5 dxe5 15. Qxd8 Rfxd8 16. fxe5 Nd5 17. Bf4 Nxc3 18. bxc3 Be4 19. Bf3 Bxc2 20. Bxb7 Ra7 21. Bf3 Rc7 22. Rfc1 Rc4 23. Rxc2 Rxf4 24. Kf2 1/2-1/2

[Event "Nova Gorica op 22nd"]
[Site "Nova Gorica"]
[Date "2017.01.27"]
[Round "1"]
[White "Pregarac, Valter"]
[Black "Mazzini, Katarina"]
[Result "1-0"]
[WhiteElo "2185"]
[BlackElo "1656"]
[PlyCount "67"]
[EventDate "2017.01.27"]
[EventType "swiss"]
[EventRounds "9"]
[EventCountry "SLO"]
[SourceTitle "CBM 176 Extra"]
[Source "ChessBase"]
[SourceDate "2017.03.02"]
[SourceVersion "1"]
[SourceVersionDate "2017.03.02"]
[SourceQuality "1"]

1. d4 Nf6 2. c4 e5 3. e3 Bb4+ 4. Nc3 exd4 5. exd4 0-0 6. Bd3 d5 7. Nge2 Be6 8. cxd5 Bxd5 9. 0-0 c6 10. Bg5 Be7 11. Ng3 h6 12. Be3 Nh7 13. Qd2 Bg5 14. f4 Bf6 15. Qc2 g6 16. Nh5 Re8 17. Rae1 Nf8 18. Nxd5 cxd5 19. Nxf6+ Qxf6 20. f5 g5 21. Qc5 Rd8 22. Bf2 Nc6 23. Bb5 Nd7 24. Qxd5 Nb6 25. Qc5 Nxd4 26. a4 Rd5 27. Bxd4 Qxd4+ 28. Qxd4 Rxd4 29. Re7 Nxa4 30. Be8 Nxb2 31. Bxf7+ Kf8 32. f6 a5 33. Bg6 Nc4 34. Rh7 1-0

[Event "SLO-chT Central Superliga 17th"]
[Site "Slovenia"]
[Date "2016.10.27"]
[Round "6.3"]
[White "Mazzini, Katarina"]
[Black "Sivcevic, Nusret"]
[Result "1/2-1/2"]
[WhiteElo "1626"]
[BlackElo "1842"]
[PlyCount "135"]
[EventDate "2016.09.22"]
[EventType "team-tourn"]
[EventRounds "9"]
[EventCountry "SLO"]
[SourceTitle "EXT 2023"]
[Source "ChessBase"]
[SourceDate "2022.10.05"]
[SourceVersion "1"]
[SourceVersionDate "2022.10.05"]
[SourceQuality "1"]
[WhiteTeam "Komenda Popotnik"]
[BlackTeam "Klinicni Center"]
[WhiteTeamCountry "SLO"]
[BlackTeamCountry "SLO"]

1. e4 e6 2. d4 b6 3. Nf3 Bb7 4. Bd3 c5 5. 0-0 c4 6. Bxc4 Bxe4 7. Nc3 Bb7 8. d5 Qc7 9. Bb3 Ba6 10. Re1 Nf6 11. h3 Bc4 12. d6 Qc8 13. Bf4 b5 14. Nd4 a6 15. a4 b4 16. Ne4 Nd5 17. Bh2 Bxb3 18. cxb3 Nf6 19. Rc1 Nc6 20. Qc2 Na7 21. Qd3 Qb8 22. Rc7 Qb6 23. Nxf6+ gxf6 24. Qe4 Rb8 25. a5 Qxa5 26. Rxa7 Qb6 27. Ra8 Bxd6 28. Bxd6 Qxd6 29. Rxb8+ Qxb8 30. Nc2 0-0 31. Re3 a5 32. Rg3+ Kh8 33. Qd4 e5 34. Qxd7 Qc8 35. Qg4 Qxg4 36. Rxg4 Rd8 37. Ne3 Rd3 38. Rg3 Rxb3 39. Nf5 Rxg3 40. Nxg3 a4 41. Ne2 f5 42. Kf1 Kg7 43. Ke1 Kf6 44. Kd2 Ke6 45. Ng3 e4 46. Nf1 Ke5 47. g3 f4 48. Kc2 f5 49. Nd2 fxg3 50. fxg3 Kd4 51. Nf1 h5 52. h4 e3 53. Nh2 a3 54. bxa3 bxa3 55. Nf3+ Ke4 56. Ng5+ Ke5 57. Nf3+ Kd5 58. Kb3 e2 59. Kxa3 Ke4 60. Ne1 Ke3 61. Kb3 Kf2 62. Nd3+ Kf1 63. Kc3 e1Q+ 64. Nxe1 Kxe1 65. Kd4 Kf2 66. Ke5 Kxg3 67. Kxf5 Kxh4 68. Kf4 1/2-1/2

[Event "SLO-ch U20 Girls"]
[Site "Bled"]
[Date "2016.06.26"]
[Round "3"]
[White "Mazzini, Katarina"]
[Black "Skuhala, Barbara"]
[Result "0-1"]
[WhiteElo "1613"]
[BlackElo "1889"]
[PlyCount "70"]
[EventDate "2016.06.25"]
[EventType "swiss"]
[EventRounds "7"]
[EventCountry "SLO"]
[SourceTitle "EXT 2019"]
[Source "ChessBase"]
[SourceDate "2018.10.10"]
[SourceVersion "1"]
[SourceVersionDate "2018.10.10"]
[SourceQuality "1"]

1. e4 c5 2. Nf3 d6 3. Bb5+ Bd7 4. Bxd7+ Nxd7 5. 0-0 Ngf6 6. Re1 Rc8 7. h3 g6 8. c3 Bg7 9. d4 cxd4 10. cxd4 0-0 11. Nc3 Nb6 12. Qe2 e6 13. Bg5 h6 14. Bh4 g5 15. Bg3 Nh5 16. Bh2 Nc4 17. b3 Na3 18. Qb2 Qb6 19. Qxa3 Rxc3 20. Bxd6 Rfc8 21. Bc5 Qc6 22. Qb2 Rxc5 23. Qa3 Rc3 24. Qxa7 Nf4 25. Rad1 Nxh3+ 26. gxh3 Rxf3 27. Kg2 Rc3 28. d5 exd5 29. exd5 Qd7 30. Re3 Rxe3 31. Qxe3 Rc3 32. Qe4 Qxh3+ 33. Kg1 f5 34. Qe8+ Kh7 35. d6 Qg4+ 0-1